Все проспекты Москвы - Statistics

General Stats
  • This quiz has been taken 25 times
    24 since last reset
  • The average score is 15 of 50
Answer Stats
Номер Проспект % Correct
20 Ленинский
80%
18 Кутузовский
75%
10 Волгоградский
70%
19 Ленинградский
70%
26 Мира
70%
35 Рязанский
65%
8 Вернадского
50%
17 Комсомольский
45%
23 Ломоносовский
45%
27 Мичуринский
45%
30 Нахимовский
45%
37 Севастопольский
45%
12 Генерала Дорохова
40%
15 Зеленый
40%
21 Лермонтовский
40%
4 Андропова
35%
5 Багратиона
35%
6 Балаклавский
35%
40 Университетский
35%
2 60 летия Октября
35%
24 Маршала Жукова
30%
34 Пролетарский
30%
3 Академика Сахарова
25%
16 Измайловский
25%
28 Московский
25%
32 Олимпийский
25%
7 Буденного
20%
22 Лихачева
20%
31 Новоясеневский
20%
36 Свободный
20%
41 Федеративный
20%
42 Центральный
20%
1 40 летия Октября
20%
11 Генерала Алексеева
15%
13 Георгиевский
15%
29 Народный
15%
33 Панфиловский
15%
38 Солнцевский
15%
39 Союзный
15%
43 1-й проспект Новогиреева
15%
50 11-й проспект Новогиреева
15%
44 2-й проспект Новогиреева
15%
45 3-й проспект Новогиреева
15%
46 5-й проспект Новогиреева
15%
47 6-й проспект Новогиреева
15%
48 7-й проспект Новогиреева
15%
49 9-й проспект Новогиреева
15%
9 Ветеранов
10%
25 Мещерский
5%
14 Защитников Москвы
0%
No matching quizzes found
Score Distribution
Percent of People with Each Score
Percentile by Number Answered
Your Score History
You have not taken this quiz since the last reset